| 000 | 01060cad a22002415a 4500 | ||
|---|---|---|---|
| 001 | L158465 | ||
| 008 | 131031s2014 xxk f f 001 0 eng d | ||
| 035 | _a(Sirsi) u158465 | ||
| 041 | 0 | _aeng | |
| 110 | 2 |
_aRoyal Institution of Chartered Surveyors _94900 |
|
| 245 | 0 | 0 |
_aMitigation of GNSS multipath by the use of dual-polarisation observations _h[electronic resource] |
| 260 |
_aLondon _bRICS _c2014 |
||
| 490 | 0 | _aRICS Research | |
| 520 | _aResearch into how Global Navigation Satellite Systems (GNSS) will allow surveyors to produce more accurate and reliable measurements in less time and dual-polarisation measurements can improve scientific applications of multipath sensing. | ||
| 650 | 2 | 4 | _aGNSS |
| 650 | 2 | 4 | _aMULTIPATH |
| 650 | 2 | 4 | _aDUAL-POLARISATION SURVEYING |
| 651 | 4 | _aInternational | |
| 690 | _aSURVEYING | ||
| 710 | 1 |
_aUniversity of Newcastle Upon Tyne _9527 |
|
| 856 | 4 | 0 |
_uhttps://www.propertyresearchtrust.org/uploads/1/3/4/8/134819607/mitigation_of_gnss_multipath.pdf _zAvailable from the Property Research Trust |
| 942 |
_n0 _2ddc |
||
| 999 |
_c115327 _d115327 |
||